000 00996cam a2200157 4500500
005 20251228051330.0
041 _afre
042 _adc
100 1 0 _aDethurens, Pascal
_eauthor
245 0 0 _aBeautés du réel Bertrand Tillier, Le réalisme, Citadelles & Mazenod, 2024, 392 pages, 320 illustrations, 199 €.
260 _c2024.
500 _a92
520 _aLa ville de Chartres et le Centre des monuments nationaux célèbrent à partir de cet automne, pour une année, le millénaire de la cathédrale de Chartres, première cathédrale de France inscrite au patrimoine mondial de l’Unesco, dont le trésor vient d’être superbement restauré. À l’occasion de cet anniversaire, le musée des Beaux-Arts de la ville présente une série d’expositions exhumant sculptures et manuscrits enluminés.
786 0 _nÉtudes | ovembre | 11 | 2024-11-07 | p. 121-122 | 0014-1941
856 4 1 _uhttps://shs.cairn.info/revue-etudes-2024-11-page-121?lang=fr&redirect-ssocas=7080
999 _c1581703
_d1581703